000 00469nam a2200181Ia 4500
005 20250326123653.0
008 250326s9999 xx 000 0 und d
037 _aTextbook
040 _aFMSL
_beng
_cFMSL
041 _aeng
_2eng
084 _aX9S P0;1
_qFMSL
100 _aKumar S
245 0 _aCorporate goverce
_cKumar S
260 _aNew Delhi
_bNew Delhi, Galgotia
_c2000
300 _a201p
942 _cTB
_hX9S P0;1
999 _c1270425
_d1270425